Über die Wasserstrassen Mittel-Europa´s und die Wichtigkeit der Regulirung des Donaustromes mit besonderer Berücksichtigung der Strecke zwischen Theben - Gönyö /
Enregistré dans:
| Auteur principal: | |
|---|---|
| Format: | Livre |
| Langue: | allemand |
| Publié: |
Pressburg:
Drud von Carl Ungermaner,
1880
|
| Tags: |
Pas de tags, Soyez le premier à ajouter un tag!
|
MARC
| LEADER | 00000nam a22000003a 4500 | ||
|---|---|---|---|
| 001 | 0065013 | ||
| 003 | SK-STU | ||
| 005 | 20180515093707.1 | ||
| 007 | ta | ||
| 008 | 180515s ----xo-----e------000-0-----d | ||
| 040 | |a STU |b slo | ||
| 041 | 0 | |a ger |h ger | |
| 044 | |a au | ||
| 100 | 1 | |a Lafranconi, Enea |4 aut |r Z6 | |
| 245 | 1 | 0 | |a Über die Wasserstrassen Mittel-Europa´s und die Wichtigkeit der Regulirung des Donaustromes mit besonderer Berücksichtigung der Strecke zwischen Theben - Gönyö / |c aut. Enea Lafranconi |
| 260 | |a Pressburg: |b Drud von Carl Ungermaner, |c 1880 | ||
| 300 | |a 91 s. | ||
| 996 | |b 284V040907 |c V* 52771/O-23928 |l VVS |s A |a 24 |w 0065013_0001 | ||